000 00518nam a2200205Ia 4500
005 20251121143935.0
008 230125s9999 xx 000 0 und d
020 _a0-0918-1697-1
041 _aeng
082 _a158.1
_bJOH
100 _aJohnson S
_9215150
245 _aWho Moved My Cheese ?
260 _c1998
_bVermilion publisher
_aLondon
300 _a94p
500 _aPersonality Development
650 _aPersonality Development
_9213420
700 _aJohnson S
_9215150
906 _b62.5
942 _cDB
999 _c92877
_d92877